000 01316nam a2200337 i 4500
003 EG-GICUC
005 20260314095648.0
008 251124b1970 ua ||||f |||| 00| 0 ara d
040 _a EG-GICUC
_c EG-GICUC
_d EG-GICUC
_erda
_bara
041 _aara
082 0 4 _221
_a345.42
_bز ك . إ
092 0 4 _221
099 _aLaw1 07 345.42 ز ك . إ 1970
100 0 _aزكي محمود هاشم
_eمؤلف.
245 1 2 _aالإختيار لشغل الوظائف العليا بالجهاز الحكومي /
_cدكتور زكي محمود هاشم.
264 1 _aالقاهرة :
_bجامعة الدول العربية-المنظمة العربية للعلوم الإدارية، مركز البحوث الإدارية،
_c1970.
300 _a17 ؛ صفحة
_c24 سم.
336 _2rda content
_atext
337 _2rda media
_aComputer
338 _2rda carrier
_aOnline Resource
490 _v11
504 _aببليوجرافيا : صفحة 17.
546 _aالنص باللغة العربية
650 1 7 _2qrmak
_aالقانون الإداري
650 1 7 _2qrmak
_aالموظفون
_xإختيار
650 1 7 _2qrmak
_aالموظفون
_xتعينات
830 _0
856 4 0 _uhttps://fll.law.cu.edu.eg/fulltext/bks/B07-00269.pdf
905 _aWesam Mahmoud
_eYara
942 _2ddc
_n0
_cBK
_e21
999 _c45784
_d45784